| 000 | 00484nam a2200193Ia 4500 | ||
|---|---|---|---|
| 001 | 58235 | ||
| 008 | 140507s9999 xx 000 0 und d | ||
| 020 | _a9780070700604 | ||
| 040 | _cPK-LaUMT | ||
| 082 |
_a 616.0019 _bOGD-H |
||
| 100 | _aOgden, Jane | ||
| 245 |
_aHealth psychology _ba textbook _cOgden, Jane |
||
| 250 | _a4th | ||
| 260 |
_aNew Delhi,India: _bTata McGraw-Hill Education, _c2010 |
||
| 300 | _a489 p. | ||
| 546 | _aEN | ||
| 650 | _aHealth-Psychology | ||
| 942 | _cBK | ||
| 999 |
_c55501 _d55501 |
||